000 00383nam a2200145Ia 4500
008 230917s9999||||xx |||||||||||||| ||und||
040 _e53537
_aMAIN
041 _aEnglish
082 _aB R138D:P
100 _aDarbar, Gyanvati
245 0 _aPortait of a President: Letters of Dr. Rajendra Prasad, V2
260 _aNew Delhi
_bVikas
_c1976
300 _aviii, 284 p.
942 _cBK
999 _c160450
_d160450